Score 0/20 Timer 03:00
0 Plays Today
Lyric Answer % Correct
Well I saw her _____, and now I'm a believer.Face
90.7%
And here's to you, Mrs. Robinson, Jesus _____ you more than you will knowLoves
89.1%
Take me down to the Paradise City.' Where the grass is green and the _____ are prettyGirls
86.7%
Johnny-come-lately, the new kid in _____. Everybody loves you, so don't let them downTown
82.8%
Is this the real life? Is this just fantasy? Caught in a landslide No escape from _____.Reality
81.6%
Hey! You! Get off of my cloud; don't hang around 'cause two's a _____Crowd
80.3%
Tommy used to work on the docks, union's been on strike, he's _____ on his luckDown
78.3%
She told me her name was Billie Jean, as she caused a _____Scene
77%
When a man loves a woman, can't keep his _____ on nothin elseMind
75.5%
What would you do if I sang out of tune would you _____ up and walk out on meStand
75%
Lyric Answer % Correct
I see a bad _____ rising, I know trouble's on the way.Moon
73.6%
Roxanne, you don't have to put on the red _____ Light
70.7%
Eleanor Rigby picks up the rice in the _____ where a wedding has beenChurch
64.3%
Goodbye _____ Tuesday, who could hang a name on you?Ruby
59.2%
I've been through the _____ on a horse with no name It felt good to be out of the rainDesert
58.4%
If there's something _____ in your neighbourhood Who you gonna call? Strange
55.5%
But the biggest kick I ever got was doing a thing called the _____ RockCrocodile
49%
You picked a fine time to leave me Lucille. With four _____ children and a crop in the field.Hungry
31.2%
Some boys try and some boys lie but I don't let them _____ - no wayPlay
14.5%
Goddess on the mountain top, burning like a _____ flame...Silver
11.7%

Today's Daily Dose

Remove Ads.
Support Sporcle.
Get the best of Sporcle when you Go Orange. This ad-free experience offers more features, more stats, and more fun while also helping to support Sporcle. Thank you for becoming a member.

You're not logged in!

Compare scores with friends on all Sporcle quizzes.
OR
Log In

Show Comments

Extras

Top Quizzes Today


Score Distribution

Your Account Isn't Verified!

In order to create a playlist on Sporcle, you need to verify the email address you used during registration. Go to your Sporcle Settings to finish the process.

Report this User

Report this user for behavior that violates our Community Guidelines.

Details: